How to say goodbye : the wisdom of hospice ... Read More
Available copies
- 3 of 3 copies available at LARL/NWRL Consortium. (Show)
- 2 of 2 copies available at Lake Agassiz Regional Library.
Current holds
0 current holds with 3 total copies.
Show Only Available Copies
| Location | Call Number / Copy Notes | Barcode | Shelving Location | Status | Due Date |
|---|---|---|---|---|---|
| Moorhead Public Library | 616.029 MAC (Text) | 33500013838941 | Main | Available | - |
| Moorhead Public Library | 616.029 MAC (Text) | 33500013848833 | Main | Available | - |
Record details
- ISBN: 9781639730858
- ISBN: 1639730850
- Physical Description: xiii, 105 pages : illustrations (chiefly color) ; ... Read More
- Publisher: New York : Bloomsbury Publishing, 2023.
Content descriptions
| General Note: | First published in the United States 2017. |
| Bibliography, etc. Note: | Includes bibliographical references (pages ... Read More |
| Summary, etc.: | "As artist-in-residence at the Zen Hospice Project ... Read More |
Search for related items by subject
| Subject: | Hospice care > Philosophy. |
| LDR | 02447nam a2200313Ii 4500 | ||
|---|---|---|---|
| 001 | 417855 | ||
| 003 | LARL_NWRL_CONSORTIUM | ||
| 005 | 20230720174558.0 | ||
| 008 | 230711r20232017nyua b 000 0 eng | ||
| 010 | . | ‡a 2022051593 | |
| 040 | . | ‡aDLC ‡beng ‡erda ‡cPCX ‡dPCX | |
| 020 | . | ‡a9781639730858 ‡q(hardcover) | |
| 020 | . | ‡a1639730850 ‡q(hardcover) | |
| 035 | . | ‡a(OCoLC)1377818710 ‡z(OCoLC)1390096437 | |
| 082 | 0 | 0. | ‡a616.02/901 ‡223/eng/20230428 |
| 100 | 1 | . | ‡aMacNaughton, Wendy, ‡eauthor, ‡eillustrator. |
| 245 | 1 | 0. | ‡aHow to say goodbye : ‡bthe wisdom of hospice caregivers / ‡cWendy MacNaughton. |
| 264 | 1. | ‡aNew York : ‡bBloomsbury Publishing, ‡c2023. | |
| 300 | . | ‡axiii, 105 pages : ‡billustrations (chiefly color) ; ‡c19 cm | |
| 336 | . | ‡atext ‡btxt ‡2rdacontent | |
| 337 | . | ‡aunmediated ‡bn ‡2rdamedia | |
| 338 | . | ‡avolume ‡bnc ‡2rdacarrier | |
| 500 | . | ‡aFirst published in the United States 2017. | |
| 520 | . | ‡a"As artist-in-residence at the Zen Hospice Project Guest House, Wendy MacNaughton experienced firsthand how difficult it is to know what to do when we're sharing final moments with a loved one. In this tenderly illustrated guide to saying goodbye, with a foreword by renowned physician and author BJ Miller, MacNaughton shows how to make sure those moments are meaningful. Using a framework of "the five things" taught to her by a professional caregiver, How to Say Goodbye provides a model for having conversations of love, respect, and closure: with the words "I forgive you," "Please forgive me," "Thank you," "I love you," and "Goodbye," each oriented toward finding mutual peace and understanding when it matters most. How to Say Goodbye features MacNaughton's drawn-from-life artwork from both the Zen Hospice Project Guest House and her own aunt's bedside as she died, each paired with hospice caregivers' gentle advice on creating a positive sensory experience, acknowledging what you can't control, and sharing memories and gratitude. A poignant guide to embracing the present and deepening relationships during great vulnerability, How to Say Goodbye shows that just as there is no one right way to live a good life, there is no one right way to say goodbye. Whether confused, scared, or uncertain, this book is a starting point"-- ‡cProvided by publisher. | |
| 504 | . | ‡aIncludes bibliographical references (pages 96-104). | |
| 650 | 0. | ‡aHospice care ‡xPhilosophy. | |
| 901 | . | ‡a417855 ‡bOCoLC ‡c417855 ‡tbiblio ‡soclc | |

Add to basket
Permalink
Disable Highlighting